Central Library OPAC University of Rajshahi

গ্রন্থবিদ্যা : (Record no. 40428)

MARC details
000 -LEADER
fixed length control field 00992nam a2200229 a 4500
001 - CONTROL NUMBER
control field 40428
003 - CONTROL NUMBER IDENTIFIER
rucl marc code BD-RjUL
005 - DATE AND TIME OF LATEST TRANSACTION
control field 20211209053217.0
008 - FIXED-LENGTH DATA ELEMENTS--GENERAL INFORMATION
fixed length control field 160502s1988 ii a||| |||| 00| 0 ben d
035 ## - SYSTEM CONTROL NUMBER
System control number (BD-RjUL)40543
040 ## - CATALOGING SOURCE
Original cataloging agency BD-RjUL
Language of cataloging ben
Transcribing agency BD-RjUL
041 ## - LANGUAGE CODE
Language code of text/sound track or separate title ben
082 ## - DEWEY DECIMAL CLASSIFICATION NUMBER
Edition number 23
Classification number 002
Author mark and year CHG 1988
100 ## - MAIN ENTRY--PERSONAL NAME
Personal name চক্রবর্তী, ভুবনেশ্বর
9 (RLIN) 124542
245 10 - TITLE STATEMENT
Title গ্রন্থবিদ্যা :
Remainder of title ঐতিহ্য ও উত্তরাধিকার /
Statement of responsibility, etc. ভুবনেশ্বর চক্রবর্তী, পীযূষকান্তি মহাপাত্র
260 ## - PUBLICATION, DISTRIBUTION, ETC. (IMPRINT)
Place of publication, distribution, etc. কলিকাতা :
Name of publisher, distributor, etc. দি ওয়ার্ল্ড প্রা. লি.,
Date of publication, distribution, etc. ১৯৮৮
300 ## - PHYSICAL DESCRIPTION
Pagination ১৩৩ পৃ. :
Illustrations চিত্র. ;
Size ২৫ সেমি.
650 ## - SUBJECT ADDED ENTRY--TOPICAL TERM
Topical term or geographic name as entry element বই
9 (RLIN) 122595
Topical term or geographic name as entry element Book
9 (RLIN) 124541
700 ## - ADDED ENTRY--PERSONAL NAME
Personal name মহাপাত্র, পীযুষকান্তি সম্পাদক
942 ## - ADDED ENTRY ELEMENTS (KOHA)
Source of classification or shelving scheme Dewey Decimal Classification
Koha item type Books
Holdings
Lost status Source of classification or shelving scheme Damaged status Not for loan Collection code Permanent Location Current Location Shelving location Date acquired Source of acquisition Cost, normal purchase price Total Checkouts Full call number Date last seen Copy number Koha item type
  Dewey Decimal Classification     Non-fiction Central Library, University of Rajshahi Central Library, University of Rajshahi   24/10/2009 RUCL 0.00   B 002 CHG 1988 02/05/2016 C-2 Books
  Dewey Decimal Classification     Non-fiction Central Library, University of Rajshahi Central Library, University of Rajshahi   02/08/1995 RUCL 60.00   B 002 CHG 1988 25/07/2016 C-3 Books
  Dewey Decimal Classification     Non-fiction Central Library, University of Rajshahi Central Library, University of Rajshahi   09/02/1993 Rajshahi 120.00   B 002 CHG 1988 26/07/2016 C-4 Books